Manuel (Registro nro. 17103)

Detalles MARC
000 - LÍDER
campo de control de longitud fija 01140nam a2200301 i 4500
005 - FECHA Y HORA DE LA ÚLTIMA TRANSACCIÓN
campo de control 20240422170050.0
008 - ELEMENTOS DE DATOS DE LONGITUD FIJA - INFORMACIÓN GENERAL
campo de control de longitud fija 240422s20022023ck gr 000 fdspa d
020 ## - INTERNATIONAL STANDARD BOOK NUMBER
International Standard Book Number 9786280124827
040 ## - FUENTE DE CATALOGACIÓN
Agencia de catalogación original CO-PeBPR
Agencia de transcripción CO-PeBPR
Descripción convenciones rda
041 ## - CÓDIGO DE LENGUAJE
Código de idioma de texto / pista de sonido o título separado spa
082 04 - NÚMERO DE CLASIFICACIÓN DECIMAL DEWEY
Número de clasificación 863.6
Número de artículo M798m
100 1# - ENTRADA PRINCIPAL - NOMBRE PERSONAL
9 (RLIN) 53483
Nombre de la persona Montoya, Didier
Fechas asociadas a un nombre 1962-
Término del Relator autor
245 10 - TÍTULO DECLARACIÓN
Título Manuel
Resto del título entre ráfagas, minas y bambalinas
Declaración de responsabilidad Didier Montoya (don D)
250 ## - DECLARACIÓN DE EDICIÓN
Sentencia de edición Primera edición
264 01 - AVISO DE PRODUCCIÓN, PUBLICACIÓN, DISTRIBUCIÓN, FABRICACIÓN Y DERECHOS DE AUTOR
Lugar de producción Dosquebradas
Nombre del productor D. Montoya
Fecha de producción 2002
-- 2023
300 ## - DESCRIPCIÓN FÍSICA
Alcance 191 páginas
Dimensiones 25 cm
336 ## - TIPO DE CONTENIDO
Tipo de contenido Texto
Código de tipo de contenido txt
Fuente rdacontent
337 ## - TIPO DE MEDIO
Término del tipo de medio Sin mediación
Código de tipo de medio n
Fuente rdamedia
338 ## - TIPO DE PORTADOR
Término del tipo de operador Volumen
Código de tipo de operador nc
Fuente rdacarrier
490 ## - DECLARACIÓN EN SERIE
Estado de cuenta de la serie ¡A mi estilo!
500 ## - NOTA GENERAL
Nota general Incluye datos biográficos del autor
650 #0 - ENTRADA DE SUJETO AÑADIDO - TÉRMINO TÓPICO
9 (RLIN) 53431
Término tópico o elemento de entrada del nombre geográfico Víctimas de la Violencia
Subdivisión general Niños
Subdivisión de forma Novela
650 #0 - ENTRADA DE SUJETO AÑADIDO - TÉRMINO TÓPICO
9 (RLIN) 41301
Término tópico o elemento de entrada del nombre geográfico Desplazamiento Forzado
Subdivisión general Familias Colombianas
Subdivisión de forma Novela
650 #0 - ENTRADA DE SUJETO AÑADIDO - TÉRMINO TÓPICO
9 (RLIN) 29746
Término tópico o elemento de entrada del nombre geográfico Campesinos
Subdivisión general Violencia
Subdivisión de forma Novela
650 #0 - ENTRADA DE SUJETO AÑADIDO - TÉRMINO TÓPICO
9 (RLIN) 41578
Término tópico o elemento de entrada del nombre geográfico Minas Antipersonales
Subdivisión general Novela
830 ## - ENTRADA AGREGADA EN SERIE - TÍTULO UNIFORME
Título uniforme Depósito Legal - Sala de Patrimonio Bibliográfico y Documental de Risaralda
942 ## - ELEMENTOS DE ENTRADA AGREGADOS (KOHA)
Fuente de clasificación o esquema de estanterías Dewey Decimal Classification
Tipo de artículo Koha Libro
Parte de clasificación 863.6 M798m
Prefijo del número de llamada 863.6
Sufijo del número de llamada M798m
Existencias
Estado de retirada Pérdida de estatus Fuente de clasificación o esquema de estanterías Estado dañado No para préstamo Código de recogida Ubicación permanente Ubicación actual Ubicación de las estanterías Fecha de adquisición Fuente de adquisición Total de Cajas Número de llamada completo Código de barras Fecha de la última vez que se vio Número de copia Precio efectivo desde Tipo de artículo Koha
    Dewey Decimal Classification     Sala Patrimonial Biblioteca Pública Departamental Comfamiliar Risaralda Biblioteca Pública Departamental Comfamiliar Risaralda Sala Patrimonial 22/04/2024 Depósito Legal   863.6 M798m 4964 22/04/2024 Ej. 1 22/04/2024 Libro